00469 2200193 4500001002100000005001500021008004100036020002200077035001900099041000700118082000800125090001400133100001500147245002200162260003100184300002800215500001000243650002200253INLIS00000000000307220241224112644241224||||||||| | ||| |||| || |  a978-602-7816-50-3 0010-1224003072 aid0 a813 a813 ADH t0 aAdhisa Dkk00aThe Lost Treasure aJakartabNoura Booksc2013 aviii + 100 hlm.; 20 cm. aCet.1 0aIlmu Kesusastraan